Saltar al contenido

Государственное управление земельным фондом Российской Федерации учебное пособие

В пособии анализируются основные функции государственного управления земельным фондом Российской Федерации. Рассматриваются процедуры разграничения государственной собственности на землю, предоставления земельных участков из публичной собственности, землеустройства, ведения государственного кадастра...

Descripción completa

Guardado en:
Detalles Bibliográficos
Autor principal: Маланина, Е. Н. (070)
Formato: Книга
Materias:
Acceso en línea:Перейти к просмотру издания
Etiquetas: Agregar Etiqueta
Sin Etiquetas, Sea el primero en etiquetar este registro!
LEADER 02838nam0a2200373 4500
001 RU/IPR SMART/29821
856 4 |u https://www.iprbookshop.ru/29821.html  |z Перейти к просмотру издания 
801 1 |a RU  |b IPR SMART  |c 20250903  |g RCR 
010 |a 2227-8397 
205 |a Государственное управление земельным фондом Российской Федерации  |b Весь срок охраны авторского права 
333 |a Весь срок охраны авторского права 
100 |a 20250903d2013 k y0rusy01020304ca 
105 |a y j 000zy 
101 0 |a rus 
102 |a RU 
200 1 |a Государственное управление земельным фондом Российской Федерации  |e учебное пособие  |f Е. Н. Маланина, В. А. Цветков 
700 1 |a Маланина,   |b Е. Н.  |4 070 
701 1 |a Цветков,   |b В. А.  |4 070 
330 |a В пособии анализируются основные функции государственного управления земельным фондом Российской Федерации. Рассматриваются процедуры разграничения государственной собственности на землю, предоставления земельных участков из публичной собственности, землеустройства, ведения государственного кадастра недвижимости, перевода земель и земельных участков из одной категории в другую, земельного контроля и мониторинга земель. Учебное пособие может быть использовано в практической деятельности государственных и муниципальных служащих, рекомендовано студентам, слушателям и курсантам юридических вузов и факультетов. 
210 |a Омск  |c Омская юридическая академия  |d 2013 
610 1 |a государственное управление 
610 1 |a земельный фонд 
610 1 |a землеустройство 
610 1 |a земельный контроль 
610 1 |a мониторинг земель 
675 |a 349.4 
686 |a 67.625  |2 rubbk 
300 |a Книга находится в премиум-версии IPR SMART. 
106 |a s 
230 |a Электрон. дан. (1 файл) 
336 |a Текст 
337 |a электронный 
503 0 |a Доступна эл. версия. IPR SMART 
215 |a 108 с.